| 000 | 00705nam a2200205Ia 4500 | ||
|---|---|---|---|
| 003 | OSt | ||
| 005 | 20240507091800.0 | ||
| 008 | 210210b1990 xxu||||| |||| 00| 0 eng d | ||
| 040 | _cAL | ||
| 041 | _aKannada | ||
| 082 | _a915.404K PURA | ||
| 100 |
_aPURNACHANDRA TEJASVI (K P). _9116179 _dಪೂರ್ಣಚಂದ್ರ ತೇಜಸ್ವಿ (ಕೆ ಪಿ) |
||
| 245 |
_aAlemariya andaman hagu mahanadi Nail. _bಅಲೆಮಾರಿಯ ಅಂಡಮಾನ್ ಹಾಗು ಮಹಾನದಿ ನೈಲ್ |
||
| 260 |
_aShivamogga _bParisara Sahitya Prakashana _c1990 |
||
| 300 | _aiv,208 | ||
| 650 |
_apoornachandra tejasvi _9116180 |
||
| 690 |
_aTravel _9116181 |
||
| 906 | _a047942 | ||
| 942 |
_2ddc _cBK |
||
| 999 |
_c96828 _d96828 |
||